9-я Европейская конференция по НК, Берлин, 25-29 сентября 2006 г. Тепловой контроль; В мире неразрушающего контроля; № 4

Bibliografiske detaljer
Parent link:В мире неразрушающего контроля.— , 2001-
№ 4.— 2006.— C. 44
Hovedforfatter: Вавилов В. П. Владимир Платонович
Sprog:russisk
Udgivet: 2006
Serier:Новости в мире НК
Fag:
Format: MixedMaterials Book Chapter
KOHA link:https://koha.lib.tpu.ru/cgi-bin/koha/opac-detail.pl?biblionumber=531463

MARC

LEADER 00000naa2a2200000 4500
001 531463
005 20240202105631.0
035 |a (RuTPU)RU\TPU\prd\217724 
035 |a RU\TPU\prd\217688 
090 |a 531463 
100 |a 20140411a2006 k y0rusy50 ca 
101 0 |a rus 
102 |a RU 
200 1 |a 9-я Европейская конференция по НК, Берлин, 25-29 сентября 2006 г. Тепловой контроль  |f В. П. Вавилов 
225 1 |a Новости в мире НК 
461 1 |0 (RuTPU)RU\TPU\prd\1155  |t В мире неразрушающего контроля  |d 2001- 
463 1 |0 (RuTPU)RU\TPU\prd\49593  |t № 4  |v C. 44  |d 2006 
610 1 |a труды учёных ТПУ 
700 1 |a Вавилов  |b В. П.  |c специалист в области неразрушающего контроля  |c профессор Томского политехнического университета, доктор технических наук  |f 1949-  |g Владимир Платонович  |3 (RuTPU)RU\TPU\pers\19772  |9 7710 
801 1 |a RU  |b 63413507  |c 20021023  |g PSBO 
801 2 |a RU  |b 63413507  |c 20140411  |g PSBO 
942 |c BK